000 00307nam a22001337a 4500
008 181011b xxu||||| |||| 00| 0 eng d
020 _a9780137133833
041 _aeng
080 _24th
_a371
100 _a47
101 _aPSI
245 _aChild Development and Education
_cDevitt,T.M
942 _2udc
_cBK
999 _c49412
_d49412